Hướng dẫn lấy mẫu và thử các tính chất cơ lý vật liệu xây dựng

Tài liệu gồm 22 chương đề cập các vấn đề thường gặp trong công tác thử nghiệm, các Trung tâm kiểm định chất lượng công trình xây dựng, các cơ sở sản xuất, thi công, nghiên cứu, đào tạo.. trong và ngoài ngành xây dựng....

Disgrifiad llawn

Wedi'i Gadw mewn:
Manylion Llyfryddiaeth
Prif Awdur: Lê, Thuận Đăng
Fformat: Llyfr
Iaith:Undetermined
Cyhoeddwyd: Hà Nội Giao thông vận tải 2007
Pynciau:
Tagiau: Ychwanegu Tag
Dim Tagiau, Byddwch y cyntaf i dagio'r cofnod hwn!
Thư viện lưu trữ: Trung tâm Học liệu Trường Đại học Cần Thơ
LEADER 01055nam a2200217Ia 4500
001 CTU_134897
008 210402s9999 xx 000 0 und d
020 |c 150000 
082 |a 620.110287 
082 |b Đ116 
100 |a Lê, Thuận Đăng 
245 0 |a Hướng dẫn lấy mẫu và thử các tính chất cơ lý vật liệu xây dựng 
245 0 |c Lê Thuận Đăng 
260 |a Hà Nội 
260 |b Giao thông vận tải 
260 |c 2007 
520 |a Tài liệu gồm 22 chương đề cập các vấn đề thường gặp trong công tác thử nghiệm, các Trung tâm kiểm định chất lượng công trình xây dựng, các cơ sở sản xuất, thi công, nghiên cứu, đào tạo.. trong và ngoài ngành xây dựng. 
650 |a Vật liệu xây dựng 
650 |x Lấy mẫu và thử nghiệm 
904 |i Trọng Hiếu 
980 |a Trung tâm Học liệu Trường Đại học Cần Thơ